000 00790nam a2200253Ia 4500
003 OSt
005 20220925232532.0
006 a|||||r|||| 00| 0
007 ta
008 220923b |||||||| |||| 00| 0 eng d
020 _c300.00
037 _bG-172/06-07, 04/08/2006, Manohar Book Service
_cGeneral Book
040 _aRTL
_cRTL
_beng
041 _2eng
_aeng
082 _aX425.4431, N8;P2
100 _aArunachalam B Ed.
_9297404
245 0 _aEssays in Maritime studies
260 _aMumbai
_bMaritime History Society
_c1998
300 _axii, 172p
_ccm.
490 _vV1, 1998 (xii,172p)
650 _aEconomics
942 _hX425.4431, N8;P2
_cGB
_2CC
999 _c591536
_d591536